000 00381nam a2200145Ia 4500
008 240624s9999 xx 000 0 und d
041 _aeng
082 _a658.7 BAL
100 _aBALLOU RONALD H
245 _aBUSINESS LOGISTICS SUPPLY CHAIN MANAGEME
250 _a(5th ed.)
260 _c2004
_aNew Delhi
_bPearson Education
300 _axxii, : 789 : p. : cm. ; 24
365 _cRS
999 _c1689
_d1689